|
|
|
|
| LEADER |
00000nam0a2200000 4500 |
| 001 |
244242 |
| 005 |
20231101232032.0 |
| 010 |
|
|
|a 9785996311583
|
| 035 |
|
|
|a (RuTPU)RU\TPU\book\265624
|
| 090 |
|
|
|a 244242
|
| 100 |
|
|
|a 20131018d2013 m y0rusy50 ca
|
| 101 |
0 |
|
|a rus
|
| 102 |
|
|
|a RU
|
| 105 |
|
|
|a a j 001zy
|
| 200 |
1 |
|
|a Лекции по физике плазмы
|e учебное пособие
|f И. А. Котельников
|
| 210 |
|
|
|a Москва
|c БИНОМ. Лаборатория знаний
|d 2013
|
| 215 |
|
|
|a 384 с.
|c ил.
|
| 320 |
|
|
|a Библиогр.: с. 373-381.
|
| 330 |
|
|
|a Книга содержит расширенное изложение курса «Основы физики плазмы» и рекомендована УМО по классическому университетскому образованию РФ в качестве учебного пособия для студентов вузов, обучающихся по направлению 011200 — Физика и по специальности 010701 —Физика. Основное внимание уделяется движению частиц в электромагнитном поле и кинетике плазмы, включающей теорию кулоновских столкновений, тормозного и рекомбинационного излучений, а также ряда других элементарных процессов; детально излагается теория двухжидкостной и одножидкостной магнитной гидродинамики. Уровень изложения рассчитан на студентов, изучивших курсы электродинамики и молекулярной физики и знакомых с основами квантовой механики и статистической физики. Учебное пособие содержит около 200 задач с подробными решениями. Для студентов, аспирантов, преподавателей вузов, практикующих специалистов и научных работников, специализирующихся в физике и технике плазмы.
|
| 606 |
1 |
|
|a Плазма
|x Физика
|2 stltpush
|3 (RuTPU)RU\TPU\subj\48885
|9 67703
|
| 610 |
1 |
|
|a дебаевское экранирование
|
| 610 |
1 |
|
|a ионизационное равновесие
|
| 610 |
1 |
|
|a заряженные частицы
|
| 610 |
1 |
|
|a движение
|
| 610 |
1 |
|
|a адиабатические инварианты
|
| 610 |
1 |
|
|a кулоновские столкновения
|
| 610 |
1 |
|
|a элементарные процессы
|
| 610 |
1 |
|
|a термоядерные реакции
|
| 610 |
1 |
|
|a кинетические уравнения
|
| 610 |
1 |
|
|a двухжидкостная магнитная гидродинамика
|
| 610 |
1 |
|
|a перенос
|
| 610 |
1 |
|
|a равновесие
|
| 610 |
1 |
|
|a учебные пособия
|
| 675 |
|
|
|a 533.9(075.8)
|v 3
|
| 700 |
|
1 |
|a Котельников
|b И. А.
|g Игорь Александрович
|
| 801 |
|
1 |
|a RU
|b 63413507
|c 20131018
|
| 801 |
|
2 |
|a RU
|b 63413507
|c 20150812
|g RCR
|
| 900 |
|
|
|a Физика плазмы
|
| 942 |
|
|
|c BK
|
| 951 |
|
|
|b 011200
|b 010701
|
| 959 |
|
|
|a 135/20131018
|d 2
|e 0
|f ЧЗТЛ:1
|f АНЛ:1
|